000
00264pab a2200109 454500
008
180718b xxu||||| |||| 00| 0 eng d
100
_a
Chandra Shekhar
245
_a
Political economy in Today's India
650
_a
Economic Policy
773
_a
Mainstream
909
_a
2660
999
_c
2660
_d
2660